Geografia mundial contemporánea : temas y problemas del mundo contemporáneo /
Guardado en:
| Autor Principal: | |
|---|---|
| Otros Autores: | , |
| Formato: | Libro |
| Publicado: |
Buenos Aires :
Aique,
1999
|
| Series: | Polimodal
|
| Materias: | |
| Etiquetas: |
Agregar Etiqueta
Sin Etiquetas, Sea el primero en etiquetar este registro!
|
| LEADER | 01289nam a22003255a 4500 | ||
|---|---|---|---|
| 001 | CEM.cems016418 | ||
| 008 | 130507s1999##################000#0#####d | ||
| 005 | 20211012181037.0 | ||
| 003 | CEMS | ||
| 245 | 1 | 0 | |a Geografia mundial contemporánea : |b temas y problemas del mundo contemporáneo / |c Jorge Blanco, Victoria Fernandez Caso y Raquel Gurevich |
| 260 | |a Buenos Aires : |b Aique, |c 1999 | ||
| 300 | |a 40 p. | ||
| 490 | 0 | |a Polimodal | |
| 500 | |a Cuadernillo para el docente | ||
| 505 | 0 | |a Temas y problemas del mundo contemporáneo | |
| 020 | |a 9507015264 | ||
| 100 | 1 | |a Blanco, Jorge | |
| 700 | 1 | |a Fernández Caso, V. | |
| 700 | 1 | |a Gurevich, R. | |
| 082 | 0 | 4 | |a 330.9 |
| 653 | |a Geografía | ||
| 653 | |a Geografía económica mundial | ||
| 653 | |a Globalización | ||
| 859 | |a CEMS |b BIB. CEMS - Agricultura |h 330.9 |i B593-1 |p A0102.00 |t Ej.1 | ||
| 859 | |a CEMS |b BIB. CEMS - 11 de abril |h 330.9 |i B593-1 |p 20311.99 |t Ej.1 | ||
| 859 | |a CEMS |b BIB. CEMS - Agricultura |h 330.9 |i B593-1 |p A0233.00 |t Ej.2 | ||
| 859 | |a CEMS |b BIB. CEMS - 11 de abril |h 330.9 |i B593-1 |p 20313.99 |t Ej.2 | ||
| 859 | |a CEMS |b BIB. CEMS - 11 de abril |h 330.9 |i B593-1 |p 20589.99 |t Ej.3 | ||
| 859 | |a CEMS |b BIB. CEMS - 11 de abril |h 330.9 |i B593-1 |p 20896.00 |t Ej.4 | ||
| 859 | |a CEMS |b BIB. CEMS - 11 de abril |h 330.9 |i B593-1 |p 21025.00 |t Ej.5 | ||
